Reforma rozpočtu Európskej únie a dopady na štátny rozpočet Slovenskej republiky dizertačná práca

Salvato in:
Dettagli Bibliografici
Autore principale: Kristeľ, Marián
Ente Autore: Ekonomická univerzita v Bratislave. Národohospodárska fakulta
Altri autori: Beličková, Kornélia, 1966-
Natura: Libro
Lingua:slovacco
Pubblicazione: Bratislava 2010
Soggetti:
Tags: Aggiungi Tag
Nessun Tag, puoi essere il primo ad aggiungerne!!

MARC

LEADER 00000nam a2200000 4500
001 0125712
005 20230227092729.0
041 0 |a slo 
044 |a SK 
245 1 0 |a Reforma rozpočtu Európskej únie a dopady na štátny rozpočet Slovenskej republiky  |b dizertačná práca  |c Marián Kristeľ ; škol. Kornélia Beličková 
264 1 |a Bratislava  |c 2010 
300 |a 154 s. 
610 2 0 |a rozpočet štátny 
610 2 0 |a Európska únia 
610 2 0 |a výdavky rozpočtu štátneho 
610 2 0 |a financie verejné 
610 2 0 |a reformy 
610 2 0 |a reformy hospodárske 
100 1 |a Kristeľ, Marián 
700 1 |a Beličková, Kornélia, 1966- 
710 2 |a Ekonomická univerzita v Bratislave. Národohospodárska fakulta